BEHAVIOURAL FINANCE (Record no. 216454)

MARC details
000 -LEADER
fixed length control field 00461nam a22001697a 4500
008 - FIXED-LENGTH DATA ELEMENTS--GENERAL INFORMATION
fixed length control field 260113b |||||||| |||| 00| 0 eng d
020 ## - INTERNATIONAL STANDARD BOOK NUMBER
International Standard Book Number 978-93-89347-12-8
050 ## - LIBRARY OF CONGRESS CALL NUMBER
Classification number HG 4515.75.S56 2019
100 ## - MAIN ENTRY--PERSONAL NAME
Personal name SINGH RANJIT
245 ## - TITLE STATEMENT
Title BEHAVIOURAL FINANCE
260 ## - PUBLICATION, DISTRIBUTION, ETC.
Place of publication, distribution, etc. INDIA
Name of publisher, distributor, etc. PHI LEARNING PRIVATE LIMITED
Date of publication, distribution, etc. 2019
300 ## - PHYSICAL DESCRIPTION
Extent X,200
500 ## - GENERAL NOTE
General note INCLUDES AN INDEX
650 ## - SUBJECT ADDED ENTRY
Topical term or geographic name entry element Investment psychological aspects
942 ## - ADDED ENTRY ELEMENTS (KOHA)
Source of classification or shelving scheme Library of Congress Classification
Koha item type Long Loan Book
Holdings
Withdrawn status Lost status Source of classification or shelving scheme Damaged status Not for loan Collection Home library Current library Shelving location Date acquired Inventory number Total checkouts Full call number Barcode Date last seen Copy number Price effective from Koha item type
    Library of Congress Classification     Business & Economics Kisii University Library Kisii University Library On Display 01/13/2026 110890   HG 4515.75.S56 2019 000000020254 01/13/2026 C.4 01/13/2026 Long Loan Book
    Library of Congress Classification     Business & Economics Kisii University Library Kisii University Library On Display 01/13/2026 110889   HG 4515.75.S56 2019 000000020255 01/13/2026 C.3 01/13/2026 Long Loan Book
    Library of Congress Classification     Business & Economics Kisii University Library Kisii University Library On Display 01/13/2026 110888   HG 4515.75.S56 2019 000000020256 01/13/2026 C.2 01/13/2026 Long Loan Book
    Library of Congress Classification     Business & Economics Kisii University Library Kisii University Library On Display 01/13/2026 110887   HG 4515.75.S56 2019 000000020257 01/13/2026 C.1 01/13/2026 Long Loan Book